Vocabulaire anglais medecine pas connus - Statistiques

Statistiques générales
  • Ce quiz a été pris 19 fois
    11 depuis la dernière actualisation
  • Le résultat moyen est 6 sur 30
Statistiques - réponses
Hint Réponse % Correct
AVC stroke
67%
gencive gum
56%
baume pour les lèvres lip balm
56%
Kinésithérapeutes Physiotherapist
44%
ampoule blister
33%
béquilles crutches
33%
grippe influenza
33%
rougeole measles
33%
gellule capsule
22%
interroger, ausculter examine
22%
rhume rhinitis
22%
brancard stretcher
22%
personnel soignant caregiver
11%
podologue chiropodist
11%
précision clarity
11%
comprimé coated pill
11%
perfusion drip
11%
somnolence drowsiness
11%
Vésicule biliaire Gall bladder
11%
courbé/vouté hunched
11%
gros intestin colon large bowel
11%
bloquer, entraver obstruct
11%
podologue podiatrist
11%
te brosser la langue scrape your tongue
11%
zona shingles
11%
avachi slouching
11%
tablier apron
0%
médicament remedy
0%
flacons vials
0%
coup du lapin whiplash injury
0%
Aucun quiz correspondant
Distribution des résultats
% des personnes avec chaque résultat
Percentile par nombre de réponses
Votre historique - résultats
Vous n’avez pas pris ce quiz depuis la dernière actualisation